000 00978nam a2200193 a 4500
008 161215t2015 ag |||g |||| 00| f spa d
020 _a9789500752442
041 _aspa
092 _c863
_l3
_sALL
100 1 _aAllende, Isabel
_93210
245 3 _aEl amante japonés /
_cIsabel Allende
250 _a1a ed.
260 _aBuenos Aires:
_bSudamericana;
_c2015.
300 _a352 p.
_c23x16 cm.
500 _aAllende, I. (2015). El amante japonés. (1a ed.). Buenos Aires : Sudamericana.
505 _aA los veintidós años, sospechando que tenían el tiempo contado, Ichimei y Alma se atragantaron de amor para consumirlo entero, pero mientras más intentaban agotarlo, más imprudente era el deseo, y quien diga que todo fuego se apaga solo tarde o temprano, se equivoca: hay pasiones que son incendios hasta que las ahoga el destino de un zarpazo y aun así quedan brasas calientes listas para arder apenas se les da oxígeno.
655 _aNovela
_93091
942 _2ddc
_cLIT
999 _c3307
_d3307